Análisis y perspectivas del E - commerce en Nicaragua para las PYMES
Muestra un estudio de ventajas y desventajas que el E - commerce tendría para las PYMES en Nicaragua. Presenta las características de E - commerce. Presenta la utilidad que el E - commerce tiene para las PYMES.
| Main Authors: | , |
|---|---|
| Other Authors: | |
| Format: | Tesis Section = Libro |
| Language: | Undetermined Spanish |
| Published: |
Managua
UNI
2010
|
| Subjects: |
| LEADER | 00986nam a2200241Ia 4500 | ||
|---|---|---|---|
| 008 | 240830s9999 xx 000 0 und d | ||
| 040 | |a BIBLIOTECA-RUSB/ T.Mon 658.84 V124 | ||
| 041 | |a spa | ||
| 082 | |a T.Mon 658.84 V124 | ||
| 100 | 1 | |a Vado Gonzáles, Aldo Omar | |
| 100 | 1 | |b Urrutia Calero, Isidro Antonio | |
| 245 | 1 | 0 | |a Análisis y perspectivas del E - commerce en Nicaragua para las PYMES |
| 260 | |a Managua |b UNI |c 2010 | ||
| 300 | |a 47 p. :il. | ||
| 502 | |a Tesis (Ingeniero Electrónico e Ingeniero Eléctrico) - UNI, 2010. | ||
| 520 | 3 | |a Muestra un estudio de ventajas y desventajas que el E - commerce tendría para las PYMES en Nicaragua. Presenta las características de E - commerce. Presenta la utilidad que el E - commerce tiene para las PYMES. | |
| 650 | 7 | |a CANALES DE COMERCIALIZACIÓN | |
| 650 | 7 | |b VENTAS POR INTERNET | |
| 650 | 7 | |c COMERCIO ELECTRONICO | |
| 700 | 1 | |a Tutor: |b Flores Quintana, Gloria Thalía | |
| 942 | |c BK |2 ddc | ||
| 991 | |a TESIS | ||
| 999 | |c 21927 | ||